Geography Quiz

Random Geography or World Quiz

Deserts Quiz Stats

 Plays Quiz Updated Nov 15, 2018

Support Sporcle.
Go Orange.
Score 0/30 Timer 07:00
7 Plays Today
Desert % Correct
Sahara
96.8%
Gobi Desert
76.5%
Mojave Desert
56.2%
Kalahari Desert
45.9%
Arabian Desert
43.7%
Atacama Desert
37.1%
Namib Desert
33%
Antarctic (Polar Desert)
30.1%
Sonoran Desert
24.7%
Patagonian Desert
24.4%
Great Sandy Desert
22.7%
Great Basin
20.6%
Syrian Desert
19.3%
Great Victoria
19.3%
Chihuahuan Desert
18.5%
Desert % Correct
Simpson Desert
18.5%
Nubian Desert
16.8%
Painted Desert
16.6%
Thar Desert
16.6%
Gibson Desert
16.3%
Taklamakan Desert
13.4%
Sechura Desert
13.4%
Karakum Desert
12.2%
Tanami Desert
11%
Rub' al Khali Desert
10.7%
Kyzyl Kum Desert
10.6%
Dasht-e Lut
10.2%
Dasht-e Kavir
9.8%
La Guajira Desert
9.5%
Ordos Desert
9.4%

From the Vault

Click a Mary

by Cortez

Reading the name Mary makes us want to rhyme, all the time.
Remove Ads.
Support Sporcle.
Get the best of Sporcle when you Go Orange. This ad-free experience offers more features, more stats, and more fun while also helping to support Sporcle. Thank you for becoming a member.

Show Comments

Extras

Top Quizzes Today


Score Distribution

Your Account Isn't Verified!

In order to create a playlist on Sporcle, you need to verify the email address you used during registration. Go to your Sporcle Settings to finish the process.

Report this User

Report this user for behavior that violates our Community Guidelines.

Details: